Meranie výkonnosti procesov vo výrobných podnikoch

Každá organizácia sa skladá zo série vzájomne poprepájaných procesov. Interoperabilita procesov spôsobuje, že výkonnosť organizácie je determinovaná výkonnosťou samotných procesov. Tak ako slabé články v reťazi sú zodpovedné za jej roztrhnutie, tak aj procesy s nízkou výkonnosťou často spôsobujú roz...

Full description

Saved in:
Bibliographic Details
Main Author: Tkáč, Michal, ml., 1984-
Other Authors: Tkáčová, Bibiana
Format: Book Chapter
Language:Slovak
Subjects:
Tags: Add Tag
No Tags, Be the first to tag this record!

MARC

LEADER 00000nla a2200000 4500
001 0214442
005 20240502073602.7
041 0 |a slo 
044 |a SK 
245 1 0 |a Meranie výkonnosti procesov vo výrobných podnikoch  |c Michal Tkáč ml., Bibiana Tkáčová 
520 |a Každá organizácia sa skladá zo série vzájomne poprepájaných procesov. Interoperabilita procesov spôsobuje, že výkonnosť organizácie je determinovaná výkonnosťou samotných procesov. Tak ako slabé články v reťazi sú zodpovedné za jej roztrhnutie, tak aj procesy s nízkou výkonnosťou často spôsobujú rozpad organizácie. Analýza merania výkonnosti procesov vo výrobných podnikoch. Meranie výkonnosti procesov je prvým krokom k rozpoznaniu slabých článkov v organizácií a k ich následnému odstráneniu. Problematika merania výkonnosti z pohľadu manažmentu kvality. 
610 2 0 |a podnik výrobný 
610 2 0 |a ukazovatele výkonnosti 
610 2 0 |a meranie výkonnosti 
610 2 0 |a riadenie kvality 
610 2 0 |a procesy podnikové 
100 1 |a Tkáč, Michal, ml., 1984- 
700 1 |a Tkáčová, Bibiana